Statistics for Twitter Channels That Have At Least 100 Million Followers

Click here to take the quiz!

General Stats

  • This quiz has been taken 5 times
  • The average score is 4 of 6

Answer Stats

Twitter Channels% Correct
Cristiano Ronaldo
80%
Elon Musk
80%
Barack Obama
60%
Katy Perry
60%
Justin Bieber
40%
Rihanna
40%

Score Distribution

Percentile by Number Answered

Percent of People with Each Score

Your Score History

You have not taken this quiz